Города по Фото — О - Statistics

General Stats
  • This quiz has been taken 31 times
  • The average score is 5 of 12
Answer Stats
Picture Answer % Correct
Омск
85%
Осло
75%
Осака
50%
Одесса
45%
Оттава
45%
Окленд
35%
Оксфорд
35%
Освенцим
35%
Орландо
30%
Орлеан
25%
Ош
25%
Оран
5%
No matching quizzes found
Score Distribution
Percent of People with Each Score
Percentile by Number Answered
Your Score History
You have not taken this quiz